[Event "ICS rated blitz match"]
[Site "207.99.83.229"]
[Date "1999.06.03"]
[Round "?"]
[White "Hossa"]
[Black "newfisher"]
[Result "1-0"]
[WhiteElo "2461"]
[BlackElo "2130"]
[PlyCount "61"]

1. e4 e6 2. d3 d5 3. Nd2 Nf6 4. Ngf3 c5 5. Be2 Nc6 6. exd5 Nxd5 7. O-O Be7 8.
Ne4 O-O 9. d4 Nxd4 10. Nxd4 cxd4 11. Qxd4 b6 12. Rd1 Bb7 13. c4 Nf6 14. Qe5 Qe8
15. Nd6 Bxd6 16. Rxd6 Rd8 17. Rxd8 Qxd8 18. Bg5 Qe7 19. Rd1 Rd8 20. Rxd8+ Qxd8
21. Bh5 h6 22. Bxf6 gxf6 23. Qe3 Kh7 24. a4 Qg8 25. g3 Kg7 26. Be2 Kh7 27. Qd4
Qg5 28. Qd7 Qc1+ 29. Bf1 Bf3 30. Qxf7+ Kh8 31. Qxf6+ {newfisher resigns} 1-0

[Event "ICS rated blitz match"]
[Site "207.99.83.229"]
[Date "1999.06.03"]
[Round "?"]
[White "Tim"]
[Black "Hossa"]
[Result "1-0"]
[WhiteElo "2265"]
[BlackElo "2465"]
[PlyCount "51"]

1. d4 Nf6 2. Nc3 d5 3. e4 Nxe4 4. Nxe4 dxe4 5. Bc4 Qd6 6. c3 Qg6 7. Ne2 Qxg2 8.
Rg1 Qxh2 9. Bf4 Qh5 10. Qb3 c5 11. Rg5 Qh1+ 12. Kd2 Qxa1 13. Bxf7+ Kd8 14. Rg1
Qxg1 15. Qd5+ Nd7 16. Nxg1 cxd4 17. cxd4 a5 18. Ne2 Ra6 19. Nc3 Rf6 20. Be5
Rxf2+ 21. Kc1 e3 22. Nb5 Rf1+ 23. Kc2 Rc1+ 24. Kxc1 e6 25. Bc7+ Ke7 26. Qxe6# {
Hossa checkmated} 1-0

[Event "ICS rated standard match"]
[Site "207.99.83.229"]
[Date "1999.06.03"]
[Round "?"]
[White "Hossa"]
[Black "EA6PZ"]
[Result "0-1"]
[WhiteElo "2189"]
[BlackElo "2327"]
[PlyCount "89"]

1. d4 Nf6 2. Nc3 d5 3. e4 dxe4 4. f3 exf3 5. Nxf3 Bf5 6. Bd3 Bxd3 7. Qxd3 a6 8.
Bg5 e6 9. Bxf6 Qxf6 10. O-O Nc6 11. Ne5 Nxe5 12. Qe4 Qd8 13. dxe5 Bc5+ 14. Kh1
c6 15. Rf3 O-O 16. Rd1 Qe7 17. Rh3 g6 18. Rhd3 Rad8 19. Qe2 Rxd3 20. Rxd3 Qg5
21. Rd7 Rd8 22. Rxd8+ Qxd8 23. Ne4 Be7 24. Nf2 Qd5 25. c4 Qd4 26. Ng4 Bc5 27.
Nf6+ Kg7 28. Qf1 Qxb2 29. Ne8+ Kf8 30. Nf6 Ke7 31. Ng8+ Ke8 32. Nf6+ Kd8 33.
Nxh7 Qxe5 34. Nf6 b5 35. Ng4 Qb2 36. Nh6 f5 37. Qd1+ Ke8 38. Qe1 Kf8 39. cxb5
axb5 40. h4 Kg7 41. Ng8 e5 42. h5 Kxg8 43. hxg6 e4 44. g3 e3 45. g4 {
Hossa resigns} 0-1

[Event "ICS rated blitz match"]
[Site "207.99.83.229"]
[Date "1999.06.03"]
[Round "?"]
[White "kyu"]
[Black "Hossa"]
[Result "0-1"]
[WhiteElo "2193"]
[BlackElo "2450"]
[PlyCount "40"]

1. e3 c5 2. b3 e5 3. Bb2 Nc6 4. f4 exf4 5. exf4 d5 6. Nf3 Bg4 7. Bb5 Qe7+ 8.
Kf2 O-O-O 9. Re1 Qc7 10. Bxc6 Qxc6 11. Ne5 Bxd1 12. Nxc6 bxc6 13. Rxd1 Re8 14.
d3 Nh6 15. h3 Nf5 16. Nd2 Bd6 17. g3 h5 18. h4 Re3 19. Rg1 Rhe8 20. Rae1 20...
Rxe1 {kyu resigns} 0-1

[Event "ICS rated blitz match"]
[Site "207.99.83.229"]
[Date "1999.06.03"]
[Round "?"]
[White "Hossa"]
[Black "SvenTheBest"]
[Result "1-0"]
[WhiteElo "2456"]
[BlackElo "2289"]
[PlyCount "43"]

1. e4 c5 2. Nf3 d6 3. d4 cxd4 4. Nxd4 Nf6 5. Nc3 g6 6. Be3 Bg7 7. f3 O-O 8. Qd2
Nc6 9. Bc4 Bd7 10. O-O-O Rc8 11. Nxc6 bxc6 12. h4 h5 13. Bh6 a5 14. Qg5 a4 15.
Qxg6 Ne8 16. Qxh5 Bxh6+ 17. Qxh6 a3 18. bxa3 d5 19. exd5 cxd5 20. Rxd5 e5 21.
Rxe5 Qf6 22. Rg5+ {SvenTheBest resigns} 1-0

[Event "ICS Rated blitz match"]
[Site "207.99.83.229"]
[Date "1999.06.03"]
[Round "?"]
[White "SvenTheBest"]
[Black "Hossa"]
[Result "0-1"]
[WhiteElo "2280"]
[BlackElo "2465"]
[PlyCount "52"]

1. e4 e5 2. d4 exd4 3. Qxd4 Nc6 4. Qe3 Nf6 5. Nc3 Be7 6. Bd2 d5 7. exd5 Nxd5 8.
Qg3 Ncb4 9. Bd3 O-O 10. Nge2 Bh4 11. Qf3 Nxd3+ 12. Qxd3 Nxc3 13. Qxc3 Bg4 14.
g3 Qd5 15. Rg1 Bf6 16. Qb3 Qh5 17. Nf4 Qxh2 18. Rf1 Rfe8+ 19. Be3 Rad8 20. Nd5
Rxd5 21. Qxd5 Rxe3+ 22. Kd2 Re2+ 23. Kc1 Rxf2 24. Rxf2 Qg1+ 25. Kd2 Qxf2+ 26.
Kd3 26... Qe2# {SvenTheBest checkmated} 0-1

[Event "ICS rated blitz match"]
[Site "207.99.83.229"]
[Date "1999.06.03"]
[Round "?"]
[White "Hossa"]
[Black "UBet"]
[Result "1/2-1/2"]
[WhiteElo "2473"]
[BlackElo "2130"]
[PlyCount "141"]

1. e4 e5 2. Nf3 Nc6 3. Bc4 Be7 4. Nc3 Nf6 5. d3 d6 6. O-O Na5 7. Bb5+ c6 8. Ba4
b5 9. Bb3 O-O 10. Bd2 a6 11. Qe2 b4 12. Nd1 Nxb3 13. axb3 c5 14. Ne3 a5 15. Ra2
Bb7 16. Rfa1 g6 17. Nc4 Qc7 18. Bh6 Rfd8 19. Nxa5 Ra6 20. Nxb7 Rxa2 21. Rxa2
Qxb7 22. Ra4 Ra8 23. Qe3 Ng4 24. Qc1 Nxh6 25. Qxh6 Ra6 26. Qc1 Qa7 27. Qa1 Rxa4
28. bxa4 Bd8 29. b3 Ba5 30. Qc1 f6 31. Qh6 Qd7 32. Nd2 d5 33. exd5 Qxd5 34. Qh4
Kg7 35. Qe4 Qd4 36. Qxd4 exd4 37. Ne4 Bb6 38. Kf1 f5 39. Nd6 Kf6 40. Ke2 Ke6
41. Nb5 Ke5 42. Kd2 f4 43. f3 g5 44. Kc1 h6 45. Kd2 h5 46. h3 h4 47. Kc1 Kd5
48. Kb1 Ke5 49. Ka2 Kd5 50. Ka1 Ke5 51. Kb2 Kd5 52. a5 Bxa5 53. Na7 Bc7 54. Kc1
Bb6 55. Nc8 Bd8 56. Na7 Bb6 57. Nc8 Bd8 58. Na7 Kd6 59. Kd2 Kc7 60. Ke2 Kb7 61.
Nb5 Be7 62. Kd2 Kb6 63. Nxd4 cxd4 64. Ke2 Kc5 65. Kf2 Bd6 66. Ke2 Be5 67. Kf2
Bd6 68. Ke2 Be5 69. Kf2 Bd6 70. Ke2 Be5 71. Kf2 {Game drawn by repetition}
1/2-1/2

[Event "ICS rated blitz match"]
[Site "207.99.83.229"]
[Date "1999.06.03"]
[Round "?"]
[White "amateur-58"]
[Black "Hossa"]
[Result "1/2-1/2"]
[WhiteElo "2072"]
[BlackElo "2461"]
[PlyCount "48"]

1. d4 Nf6 2. c4 g6 3. Nc3 Bg7 4. e4 d6 5. f3 O-O 6. Be3 Nc6 7. Bd3 e5 8. Nge2
exd4 9. Nxd4 Nxd4 10. Bxd4 Be6 11. O-O c6 12. Qe2 Qa5 13. Rfd1 Rae8 14. Qf2 b6
15. Rab1 Qg5 16. b4 Rd8 17. h4 Qh6 18. Be3 Qh5 19. Be2 Qe5 20. Bd4 Qf4 21. Be3
Qe5 22. Bd4 Qf4 23. Be3 Qe5 24. Bd4 24... Qf4 {Game drawn by repetition}
1/2-1/2

[Event "ICS rated blitz match"]
[Site "207.99.83.229"]
[Date "1999.06.03"]
[Round "?"]
[White "Hossa"]
[Black "kyu"]
[Result "1-0"]
[WhiteElo "2448"]
[BlackElo "2175"]
[PlyCount "41"]

1. e4 d6 2. d4 g6 3. c4 Bg7 4. Nf3 c6 5. Be2 Nf6 6. Nc3 O-O 7. O-O Na6 8. Bg5
h6 9. Be3 e5 10. dxe5 dxe5 11. Nxe5 Nxe4 12. Nxe4 Bxe5 13. Qxd8 Rxd8 14. Bxh6
Bxb2 15. Rad1 Bf5 16. Nd6 Bc8 17. Nxc8 Raxc8 18. Rxd8+ Rxd8 19. Rb1 Kh7 20. Bg5
f6 21. Rxb2 {kyu resigns} 1-0

[Event "ICS Rated blitz match"]
[Site "207.99.83.229"]
[Date "1999.06.03"]
[Round "?"]
[White "Hossa"]
[Black "Mitra"]
[Result "1/2-1/2"]
[WhiteElo "2454"]
[BlackElo "2245"]
[PlyCount "91"]

1. e4 c5 2. Nf3 d6 3. d4 cxd4 4. Nxd4 Nf6 5. Nc3 Nc6 6. Be2 g6 7. Be3 Bg7 8. h3
O-O 9. Nxc6 bxc6 10. h4 Qa5 11. O-O Qb4 12. Qd3 Ng4 13. Rab1 Nxe3 14. Qxe3 Bd4
15. Qd3 Bf6 16. Qe3 Bxh4 17. Qh6 Bf6 18. Bf3 Bxc3 19. bxc3 Qxc3 20. Rfc1 f5 21.
exf5 Rxf5 22. Rb3 Qc4 23. a3 e5 24. Rb4 Qc5 25. Rh4 Rf7 26. a4 Rb8 27. Qd2 Rb2
28. Qg5 Bf5 29. Qd8+ Kg7 30. Qe8 Rc7 31. Qd8 Rd7 32. Qc8 d5 33. Bd1 Qa3 34. Be2
Rb6 35. Re1 Qe7 36. Rg4 Be6 37. a5 Rdb7 38. Qxe6 Qxe6 39. axb6 Rxb6 40. Ra1 Rb2
41. Rxa7+ Kh6 42. Rh4+ Kg5 43. Rg4+ Kh6 44. Rh4+ Kg5 45. Rg4+ Kh6 46. Rh4+ {
Game drawn by repetition} 1/2-1/2

[Event "ICS rated blitz match"]
[Site "207.99.83.229"]
[Date "1999.06.03"]
[Round "?"]
[White "PostModernist"]
[Black "Hossa"]
[Result "1-0"]
[WhiteElo "2564"]
[BlackElo "2449"]
[PlyCount "66"]

1. e4 e5 2. Nf3 Nc6 3. Bb5 a6 4. Ba4 Nf6 5. O-O Nxe4 6. Re1 Nd6 7. Nxe5 Be7 8.
Qe2 Nd4 9. Qg4 N4f5 10. Bb3 O-O 11. d3 Bf6 12. Nc3 Re8 13. Bf4 Nd4 14. Nxf7
Rxe1+ 15. Rxe1 Nxf7 16. Bxc7 Qf8 17. Bd6 Qxd6 18. Ne4 Kf8 19. Nxd6 Nxd6 20. Qf4
N6b5 21. a4 Nxb3 22. axb5 Nd4 23. Qe4 Ne6 24. bxa6 Rxa6 25. Qxh7 g5 26. c3 Ra2
27. Qg6 Bg7 28. d4 Ra5 29. b4 Ra8 30. d5 Bxc3 31. dxe6 dxe6 32. Rd1 Bd4 33.
Qxg5 33... Bb6 {Hossa resigns} 1-0

[Event "ICS rated blitz match"]
[Site "207.99.83.229"]
[Date "1999.06.03"]
[Round "?"]
[White "Hossa"]
[Black "PostModernist"]
[Result "0-1"]
[WhiteElo "2438"]
[BlackElo "2575"]
[PlyCount "109"]

1. e4 c5 2. Nf3 Nc6 3. d4 cxd4 4. Nxd4 Nf6 5. Nc3 d6 6. Bg5 Bd7 7. Qd2 Rc8 8.
O-O-O Nxd4 9. Qxd4 Qa5 10. Bd2 Qc5 11. Qxc5 Rxc5 12. f3 a6 13. Be3 Rc8 14. Bd4
e5 15. Be3 Be7 16. g4 Be6 17. Kb1 O-O 18. Rg1 b5 19. g5 Nd7 20. Nd5 Bxd5 21.
Rxd5 Rc6 22. Bh3 Nb6 23. Bxb6 Rxb6 24. Kc1 Rc6 25. Rd3 g6 26. Kb1 Rd8 27. Rg3
d5 28. Rxd5 Rxd5 29. exd5 Rc5 30. a4 Rxd5 31. Bc8 bxa4 32. Bxa6 Rd1+ 33. Ka2
Rd2 34. Bd3 Rxh2 35. Rg4 Rd2 36. Bb5 Rd4 37. Rxd4 exd4 38. Bxa4 Bxg5 39. b4 Kg7
40. Kb3 Kf6 41. Kc4 Ke5 42. Be8 f5 43. b5 Bd8 44. Kc5 Ba5 45. b6 Kf4 46. Bc6
Bxb6+ 47. Kxb6 h5 48. Kc5 d3 49. cxd3 h4 50. d4 h3 51. d5 h2 52. d6 h1=Q 53.
Kb6 Qh8 54. Kc7 Qe5 55. Kd7 {Hossa resigns} 0-1

[Event "ICS rated blitz match"]
[Site "207.99.83.229"]
[Date "1999.06.03"]
[Round "?"]
[White "Hossa"]
[Black "TheComputer"]
[Result "0-1"]
[WhiteElo "2432"]
[BlackElo "2842"]
[PlyCount "113"]

1. e4 c5 2. Nf3 d6 3. d4 cxd4 4. Nxd4 Nf6 5. Bd3 e5 6. Nf3 Be7 7. Nc3 Nc6 8.
O-O Be6 9. Bg5 O-O 10. Be2 Qb6 11. Rb1 Rac8 12. Bxf6 Bxf6 13. a3 Nd4 14. Bd3
Bg4 15. Be2 Nxe2+ 16. Qxe2 Qc5 17. Rfd1 a6 18. Rd2 Bg5 19. Rd5 Qb6 20. Qd3 Be7
21. Qd2 Bxf3 22. gxf3 Rfd8 23. Rd3 Bh4 24. Nd5 Qc5 25. Rc1 h6 26. Rb3 Bg5 27.
f4 exf4 28. Qd3 b5 29. Rc3 Qa7 30. Rxc8 Rxc8 31. c3 Qd7 32. Qf3 Qe6 33. Re1 Rc4
34. Re2 Qg6 35. Kh1 f5 36. exf5 Qxf5 37. Nb6 Rc5 38. Qa8+ Kh7 39. Re1 Bh4 40.
Qf3 Re5 41. Rg1 Qe4 42. Qxe4+ Rxe4 43. f3 Re2 44. Nd5 Rxb2 45. Rg4 Be1 46. Rg1
Bd2 47. Rd1 Be3 48. Nb4 a5 49. Nc6 Rb3 50. c4 bxc4 51. Nxa5 Rd3 52. Rxd3 cxd3
53. Nb3 d2 54. Nxd2 Bxd2 55. Kg2 Kg6 56. a4 Kf5 57. Kf1 {Hossa resigns} 0-1

[Event "ICS rated blitz match"]
[Site "207.99.83.229"]
[Date "1999.06.03"]
[Round "?"]
[White "Hossa"]
[Black "Galuel"]
[Result "1-0"]
[WhiteElo "2429"]
[BlackElo "2162"]
[PlyCount "105"]

1. e4 c5 2. Nf3 d6 3. d4 cxd4 4. Nxd4 Nf6 5. Nc3 e5 6. Bb5+ Nbd7 7. Nf5 Qc7 8.
Bg5 a6 9. Bxf6 gxf6 10. Nd5 Qc5 11. b4 Qa7 12. Nxf6+ Kd8 13. Bxd7 Bxd7 14. Nxd7
Kxd7 15. Qd5 Ke8 16. Nxd6+ Bxd6 17. Qxd6 Qd4 18. Qxd4 exd4 19. O-O-O Rd8 20.
Rhg1 Ke7 21. Rd3 Rd6 22. Rgd1 Rhd8 23. a4 b6 24. a5 bxa5 25. bxa5 Ke6 26. Rh3
Rc8 27. f4 f6 28. Rxh7 d3 29. f5+ Ke5 30. Re7+ Kf4 31. Rd2 Rdc6 32. g3+ Ke3 33.
Rxd3+ Ke2 34. Rd2+ Kf3 35. Kd1 Rc4 36. Re6 Rxe4 37. Rd3+ Kg4 38. Rxe4+ Kxf5 39.
Rf4+ Ke5 40. Re3+ Kd6 41. Rxf6+ Kd7 42. Rxa6 Rc7 43. Kd2 Kc8 44. Rc3 Kb7 45.
Rxc7+ Kxc7 46. Rb6 Kc8 47. c4 Kc7 48. c5 Kc8 49. a6 Kc7 50. a7 Kd7 51. a8=Q Ke7
52. Qa7+ Kd8 53. Rb8# {Galuel checkmated} 1-0

[Event "ICS rated blitz match"]
[Site "207.99.83.229"]
[Date "1999.06.03"]
[Round "?"]
[White "j724"]
[Black "Hossa"]
[Result "0-1"]
[WhiteElo "2094"]
[BlackElo "2435"]
[Annotator "Fritz 5.32 (15s)"]
[PlyCount "18"]

1. d4 Nf6 2. Nf3 g6 3. Bf4 d6 4. Qc1 $146 (4. h3 Bg7 5. e3 O-O 6. Be2 c5 7. O-O
(7. c3 Qb6 8. Qc1 Nc6 9. Nbd2 Na5 10. O-O cxd4 11. exd4 Nd5 12. Bh2 Bf5 13. Nh4
Bd7 14. b4 Nc6 15. Nhf3 Nxc3 16. Qxc3 Nxd4 17. Nxd4 Bxd4 18. Qb3 Bxa1 19. Rxa1
a5 20. bxa5 Qd4 21. Qd1 21... Rxa5 {
Rost van Tonningen,O-Caminade,C/World Seniors, Bad Wildbad GER 1997/1-0 (37)})
7... Nc6 (7... b6 8. c4 Nbd7 9. Nc3 a6 10. a4 Bb7 11. d5 Ne8 12. e4 Ne5 13.
Nxe5 dxe5 14. Be3 Nd6 15. a5 Rc8 16. axb6 f5 17. f3 fxe4 18. fxe4 Rxf1+ 19.
Bxf1 e6 20. dxe6 Qxb6 21. Nd5 Bxd5 22. Qxd5 {
1-0 Calderin,R-Lopez,M/Merida MEX 1998 (22)}) 8. Bh2 Qb6 9. Nbd2 Qxb2 10. Nc4
Qb4 11. c3 Qxc3 12. Rc1 Qb4 13. Rb1 {
1-0 Umetsubo,C-Terra,G/op, Sao Paulo BRA (4) 1995 (13)}) (4. e3 Nh5 (4... Bg7
5. Be2 O-O 6. c3 Nbd7 7. h3 Nh5 8. Bh2 e6 9. Nbd2 f5 10. Qb3 Qe7 11. O-O-O Nhf6
12. Ng5 Nb6 13. h4 a5 14. Rde1 a4 15. Qc2 e5 16. Nc4 Nxc4 17. Bxc4+ d5 18. Be2
e4 19. a3 {
Nill,J-Leenhouts,V/Eu Y Ch g18, Rimavska Sobota SLO (1) 1996/1-0 (50)}) 5. Bg5
h6 6. Bh4 g5 7. Bg3 Bg7 8. Bc4 e6 9. c3 Nd7 10. Nbd2 Qe7 11. Qe2 f5 12. O-O-O
Ndf6 13. Ne1 Bd7 14. f3 Nxg3 15. hxg3 d5 16. Bb3 e5 17. Qf2 e4 18. Nc2 18...
O-O-O {Ledger,S-Pein,M/4NCL, Telford ENG 1997/0-1 (34)}) 4... Nc6 5. c3 {
Sichert b4} 5... Bf5 6. Bh6 Qd7 7. Bxf8 Rxf8 8. Nbd2 e5 9. Nh4 $17 (9. dxe5 $5
{ist interessant} 9... dxe5 10. e3 $11) 9... exd4 (9... exd4 10. Nhf3 dxc3 11.
bxc3 11... Ne5 $17) 0-1

[Event "ICS rated blitz match"]
[Site "207.99.83.229"]
[Date "1999.06.03"]
[Round "?"]
[White "salzi"]
[Black "Hossa"]
[Result "1/2-1/2"]
[WhiteElo "2063"]
[BlackElo "2439"]
[PlyCount "46"]

1. d4 Nf6 2. c4 g6 3. Nc3 Bg7 4. e4 d6 5. Nf3 O-O 6. Be2 Nbd7 7. O-O e5 8. d5
Nc5 9. Qc2 a5 10. Ne1 Bg4 11. f3 Bd7 12. Nd3 Nxd3 13. Bxd3 Qe7 14. Bg5 a4 15.
Qd2 Rfe8 16. a3 Ra6 17. Rab1 c5 18. Bc2 Ra7 19. Qd1 Rea8 20. Qd2 Re8 21. Qd1
Rea8 22. Qd2 Re8 23. Qd1 23... Rea8 {Game drawn by repetition} 1/2-1/2

[Event "ICS rated blitz match"]
[Site "207.99.83.229"]
[Date "1999.06.03"]
[Round "?"]
[White "Hossa"]
[Black "capo-giugi"]
[Result "1-0"]
[WhiteElo "2426"]
[BlackElo "2042"]
[PlyCount "51"]

1. e4 e5 2. Nf3 Nc6 3. Bb5 f5 4. O-O fxe4 5. Bxc6 dxc6 6. Nxe5 Qd4 7. Qh5+ g6
8. Nxg6 hxg6 9. Qxg6+ Kd8 10. d3 Bd6 11. h3 Ne7 12. Qxe4 Qg7 13. h4 Bf5 14. Qc4
b5 15. Qc3 Qg4 16. Qxh8+ Kd7 17. Qxa8 Qxh4 18. Re1 Qh2+ 19. Kf1 Bg4 20. f3 Bg3
21. Rxe7+ Kxe7 22. Bg5+ Kd7 23. Qd8+ Ke6 24. Qe7+ Kd5 25. Nc3+ Kd4 26. Be3# {
capo-giugi checkmated} 1-0

[Event "ICS rated blitz match"]
[Site "207.99.83.229"]
[Date "1999.06.03"]
[Round "?"]
[White "Reptilicus"]
[Black "Hossa"]
[Result "0-1"]
[WhiteElo "2368"]
[BlackElo "2429"]
[PlyCount "38"]

1. e4 c5 2. Nf3 d6 3. d4 cxd4 4. Nxd4 Nf6 5. Nc3 Nc6 6. Bg5 e6 7. Qd2 a6 8.
O-O-O Bd7 9. f3 Rc8 10. Kb1 Nxd4 11. Qxd4 Be7 12. h4 O-O 13. g4 Qa5 14. Qd2 Ba4
15. Nxa4 Qxa4 16. h5 Nxe4 17. fxe4 Bxg5 18. b3 Qxe4 19. Bd3 19... Qxh1 {
Reptilicus resigns} 0-1

[Event "ICS rated blitz match"]
[Site "207.99.83.229"]
[Date "1999.06.03"]
[Round "?"]
[White "sjonnie"]
[Black "Hossa"]
[Result "0-1"]
[WhiteElo "2222"]
[BlackElo "2450"]
[PlyCount "60"]

1. e4 c5 2. Nf3 d6 3. d4 cxd4 4. Nxd4 Nf6 5. Nc3 Nc6 6. Bg5 e6 7. Qd2 a6 8.
O-O-O Bd7 9. f4 h6 10. Bh4 Nxe4 11. Qe1 Nf6 12. Nf5 Bc8 13. Ne4 Rg8 14. Nexd6+
Bxd6 15. Nxd6+ Kf8 16. Nxf7 Qc7 17. Ne5 Nd5 18. Bg3 Nxe5 19. fxe5 Ke7 20. Bd3
Rf8 21. Qe4 Rf7 22. Qg6 Ne3 23. Bh4+ Kf8 24. Rde1 Nf5 25. Bxf5 Rxf5 26. Rhf1
Kg8 27. Rxf5 exf5 28. e6 Qf4+ 29. Kb1 Qxh4 30. e7 30... Qxe1# {
sjonnie checkmated} 0-1

[Event "ICS rated blitz match"]
[Site "207.99.83.229"]
[Date "1999.06.03"]
[Round "?"]
[White "capo-giugi"]
[Black "Hossa"]
[Result "0-1"]
[WhiteElo "2067"]
[BlackElo "2464"]
[PlyCount "66"]

1. e4 c5 2. Nc3 e6 3. g3 d5 4. Bg2 d4 5. Nce2 Nf6 6. d3 Bd6 7. Nf3 Nc6 8. O-O
O-O 9. Bg5 Qe7 10. Nf4 h6 11. Bxf6 Qxf6 12. Qd2 Bxf4 13. Qxf4 Qxf4 14. gxf4 Ne7
15. Ne5 Ng6 16. Nxg6 fxg6 17. f3 Rxf4 18. Kf2 e5 19. Ke2 Be6 20. b3 Re8 21. a4
g5 22. a5 g6 23. Rab1 b6 24. b4 cxb4 25. axb6 axb6 26. Rxb4 Rh4 27. Rxb6 Rxh2
28. Rf2 g4 29. fxg4 Bxg4+ 30. Bf3 Bxf3+ 31. Kxf3 Rf8+ 32. Kg4 Rfxf2 33. Rxg6+
33... Kf7 {capo-giugi resigns} 0-1

[Event "ICS rated blitz match"]
[Site "207.99.83.229"]
[Date "1999.06.03"]
[Round "?"]
[White "RedBear"]
[Black "Hossa"]
[Result "1/2-1/2"]
[WhiteElo "2535"]
[BlackElo "2467"]
[PlyCount "142"]

1. e4 c5 2. Nf3 d6 3. d4 cxd4 4. Nxd4 Nf6 5. Nc3 Nc6 6. Be3 e5 7. Nf3 Qa5 8.
Nd2 Ng4 9. Bc4 Nxe3 10. fxe3 Be7 11. O-O O-O 12. Qh5 Be6 13. Bxe6 fxe6 14. Qh3
Nd8 15. Rxf8+ Bxf8 16. Rf1 Qc7 17. Qf3 Nc6 18. a3 Qd7 19. Nc4 Rd8 20. Qg3 Be7
21. Nb5 Nb8 22. Qh3 Rc8 23. b3 Rf8 24. Rd1 Nc6 25. Qg3 Na5 26. Ncxd6 a6 27. Rd3
Bf6 28. Nc3 Qe7 29. Ne2 Qc7 30. Qg4 Qe7 31. Ng3 Rd8 32. Qd1 Qc7 33. Qh5 g6 34.
Qf3 Bg7 35. Qd1 Bf8 36. Nc4 Rxd3 37. cxd3 Nxc4 38. bxc4 Bxa3 39. Qg4 Qe7 40.
Ne2 Bc5 41. d4 Ba7 42. c5 exd4 43. exd4 Bxc5 44. dxc5 Qxc5+ 45. Kf1 Qd6 46. Nf4
Kf7 47. Qf3 Ke7 48. e5 Qxe5 49. Qxb7+ Kf6 50. Nd3 Qxh2 51. Qb2+ e5 52. Qf2+ Ke7
53. Qa7+ Ke6 54. Qxa6+ Kd5 55. Qb5+ Kd4 56. Qd7+ Kc4 57. Nf2 Kc5 58. Ne4+ Kb4
59. Qd6+ Kb5 60. Qc5+ Ka6 61. Nd6 Qh1+ 62. Kf2 Qh4+ 63. Kf3 Qh5+ 64. Ke3 Qg5+
65. Kd3 Qxg2 66. Qb5+ Ka7 67. Qa5+ Kb8 68. Qb6+ Ka8 69. Qa5+ Kb8 70. Qb6+ Ka8
71. Qa5+ 71... Kb8 {Game drawn by repetition} 1/2-1/2

[Event "ICS Rated blitz match"]
[Site "207.99.83.229"]
[Date "1999.06.04"]
[Round "?"]
[White "Hossa"]
[Black "inmichess"]
[Result "0-1"]
[WhiteElo "2470"]
[BlackElo "2326"]
[PlyCount "111"]

1. e4 e5 2. Nf3 Nc6 3. Bb5 Nge7 4. O-O a6 5. Ba4 d6 6. d4 b5 7. Bb3 Nxd4 8.
Nxd4 exd4 9. a4 Bb7 10. Qxd4 c5 11. Qe3 Ng6 12. Nc3 c4 13. Ba2 Bc6 14. Qd4 Be7
15. axb5 axb5 16. Qxg7 b4 17. Nd5 b3 18. cxb3 Bxd5 19. exd5 cxb3 20. Bb1 Rxa1
21. Bxg6 Rf8 22. Bd3 Qa5 23. Qg4 Kd8 24. Qc4 Qc7 25. Bh6 Qxc4 26. Bxc4 Rxf1+
27. Kxf1 Re8 28. Bg7 Bg5 29. Bc3 Ke7 30. Bxb3 Rc8 31. Ke2 Bf6 32. Bxf6+ Kxf6
33. Kd3 Rc1 34. h4 Rb1 35. Kc3 Rf1 36. Bc2 Rxf2 37. Be4 Rf4 38. Kd4 Rxh4 39. b3
Rg4 40. Kd3 Ke5 41. Bf3 Rf4 42. Kd2 Rxf3 43. gxf3 Kxd5 44. Kd3 Kc5 45. Ke4 d5+
46. Kd3 h5 47. f4 h4 48. Ke2 h3 49. Kf2 d4 50. Kg3 d3 51. b4+ Kxb4 52. Kh2 d2
53. f5 d1=Q 54. Kxh3 Qf1+ 55. Kg3 Qxf5 56. Kg2 {Hossa resigns} 0-1

[Event "ICS rated blitz match"]
[Site "207.99.83.229"]
[Date "1999.06.04"]
[Round "?"]
[White "Hossa"]
[Black "prili"]
[Result "1-0"]
[WhiteElo "2448"]
[BlackElo "2232"]
[PlyCount "117"]

1. e4 c6 2. d4 d5 3. Nd2 dxe4 4. Nxe4 Nd7 5. Ng5 Ngf6 6. Bc4 e6 7. Qe2 Nb6 8.
Bb3 h6 9. N5f3 a5 10. Bd2 a4 11. Bc4 Nxc4 12. Qxc4 Qd5 13. Qxd5 cxd5 14. Ne2
Bd6 15. O-O Bd7 16. Rab1 O-O 17. Bf4 Bxf4 18. Nxf4 Bb5 19. Rfe1 Rac8 20. c3 Ba6
21. a3 Ne4 22. Ne5 Rfd8 23. Rbd1 Nf6 24. Re3 Ne4 25. f3 Nd6 26. Rc1 Nc4 27. Re2
Nxe5 28. Rxe5 Bb5 29. h4 Bc4 30. Kh2 Bb3 31. Rg1 Kh7 32. Nd3 b6 33. Nc1 Bc4 34.
Kg3 Rg8 35. Kf2 b5 36. f4 Rce8 37. g4 f6 38. Re3 Kg6 39. Ke1 Kf7 40. Kd1 Re7
41. g5 fxg5 42. fxg5 hxg5 43. Rxg5 Rge8 44. Rge5 Kf6 45. Rf3+ Kg6 46. h5+ Kh7
47. Kc2 Kg8 48. Rfe3 Kf8 49. Kb1 Kf7 50. Nd3 Bxd3+ 51. Rxd3 Rd7 52. Rde3 Rd6
53. Rf3+ Ke7 54. Rg5 Rg8 55. Rg6 Rdd8 56. Re3 Rd6 57. h6 Kf7 58. Reg3 Rdd8 59.
h7 {prili resigns} 1-0

[Event "ICS rated blitz match"]
[Site "207.99.83.229"]
[Date "1999.06.04"]
[Round "?"]
[White "razzle"]
[Black "Hossa"]
[Result "1-0"]
[WhiteElo "2752"]
[BlackElo "2460"]
[PlyCount "153"]

1. e4 e5 2. Nf3 Nc6 3. Bb5 Nge7 4. O-O a6 5. Ba4 d6 6. c3 f5 7. d3 fxe4 8. dxe4
Bg4 9. Bg5 Qd7 10. Qe2 O-O-O 11. Nbd2 h6 12. Be3 Rg8 13. Bb3 Be6 14. Rad1 Re8
15. Ba4 Kb8 16. Nb3 Qc8 17. Nc1 g5 18. Nd3 g4 19. Nh4 Bg7 20. Nb4 Ref8 21.
Nxc6+ Nxc6 22. Bxc6 bxc6 23. b4 Rf6 24. Rd2 Qb7 25. a4 Bd7 26. Rfd1 Ka8 27. Qc4
Be6 28. Qd3 Bb3 29. Ra1 Be6 30. b5 a5 31. bxc6 Qxc6 32. Qb5 Qxb5 33. axb5 Kb7
34. Rxa5 Ra8 35. Rxa8 Kxa8 36. Rd1 h5 37. Ra1+ Kb8 38. Ra4 Rf7 39. c4 Bf6 40.
Ng6 h4 41. Ba7+ Kb7 42. c5 dxc5 43. Bxc5 Rd7 44. Ra7+ Kb8 45. h3 gxh3 46. Ra6
Rg7 47. Nf8 Rxg2+ 48. Kh1 Bc4 49. Rxf6 Rg5 50. Rh6 Bxb5 51. Rxh4 Bc6 52. Kh2
Kb7 53. Kxh3 Rg1 54. Kh2 Rc1 55. Be3 Rb1 56. Ne6 Be8 57. Nc5+ Ka7 58. Rh7 Kb6
59. Re7 Bb5 60. Rxe5 c6 61. Re7 Ka5 62. Ra7+ Kb4 63. e5 Rd1 64. e6 Rd5 65. e7
Rh5+ 66. Kg3 Rh8 67. f4 Rg8+ 68. Kf2 Bc4 69. Rb7+ Ka3 70. Ne4 Ka4 71. Bc5 Bd3
72. Nc3+ Ka5 73. Rd7 Re8 74. Rxd3 Ka6 75. Rd7 Rxe7 76. Rxe7 Ka5 77. Ra7# {
Hossa checkmated} 1-0

[Event "ICS rated blitz match"]
[Site "207.99.83.229"]
[Date "1999.06.04"]
[Round "?"]
[White "Hossa"]
[Black "Mustang"]
[Result "1-0"]
[WhiteElo "2455"]
[BlackElo "2120"]
[PlyCount "37"]

1. e4 g6 2. d4 Bg7 3. Nc3 d6 4. f4 Nc6 5. Nf3 Bg4 6. Bb5 Bd7 7. d5 Nb8 8. Be2
a6 9. O-O Bg4 10. Ng5 Bxe2 11. Qxe2 h6 12. Nf3 Nd7 13. e5 dxe5 14. fxe5 Nb6 15.
Qe4 Qd7 16. e6 Qd6 17. exf7+ Kxf7 18. Ne5+ Ke8 19. Nf7 {Mustang resigns} 1-0

[Event "ICS rated blitz match"]
[Site "207.99.83.229"]
[Date "1999.06.04"]
[Round "?"]
[White "iccjunkie"]
[Black "Hossa"]
[Result "0-1"]
[WhiteElo "2478"]
[BlackElo "2452"]
[PlyCount "116"]

1. d4 Nf6 2. Nf3 g6 3. Bf4 d6 4. e3 Nh5 5. Bg5 h6 6. Bh4 g5 7. Nfd2 Ng7 8. Bg3
Nf5 9. Bd3 Bg7 10. c3 Nc6 11. Qc2 e6 12. Bxf5 exf5 13. f3 Be6 14. Bf2 Qe7 15.
Na3 O-O-O 16. O-O-O Rhe8 17. Kb1 Qd7 18. Nb3 Ne7 19. c4 Qa4 20. d5 Bd7 21. Nd4
Ng6 22. Qxa4 Bxa4 23. Nxf5 Bxd1 24. Nxg7 Rg8 25. Nf5 Ba4 26. Nxh6 Rgf8 27. Nf5
Bd7 28. Nd4 Ne5 29. Rd1 Rfe8 30. b3 Kb8 31. Nac2 Rc8 32. e4 f6 33. Ne3 Ng6 34.
g3 Rh8 35. Bg1 Rce8 36. Kc2 Ne5 37. Rf1 Bh3 38. Rf2 Ka8 39. Kc3 Rh7 40. a4 Bd7
41. a5 Rc8 42. f4 Ng6 43. Nef5 Re8 44. Kd3 Kb8 45. Ne3 Rh3 46. f5 Ne5+ 47. Kc3
Re7 48. Ne6 Be8 49. Nd1 Bh5 50. Ne3 Bf3 51. Nd4 Bxe4 52. Kd2 Re8 53. Nd1 Bd3
54. Nc3 g4 55. Rf4 Kc8 56. Ne6 Re7 57. Nf8 Rf7 58. Ng6 58... Bxf5 {
iccjunkie resigns} 0-1

[Event "ICS rated blitz match"]
[Site "207.99.83.229"]
[Date "1999.06.04"]
[Round "?"]
[White "Hossa"]
[Black "Frank"]
[Result "1-0"]
[WhiteElo "2469"]
[BlackElo "2203"]
[PlyCount "47"]

1. e4 e6 2. d3 d5 3. Nd2 Nf6 4. Ngf3 c5 5. Be2 Nc6 6. exd5 exd5 7. O-O Bd6 8.
c3 O-O 9. d4 c4 10. b3 cxb3 11. axb3 Qc7 12. c4 dxc4 13. Nxc4 Rd8 14. Bg5 Be7
15. Rc1 h6 16. Be3 Nd5 17. Nce5 Bd7 18. Bc4 Qd6 19. Re1 Bf6 20. Bf4 Nxf4 21.
Nxf7 Be6 22. Nxd6 Rxd6 23. Qd2 Bxc4 24. Qxf4 {Frank resigns} 1-0